Statistiques concernant Histoire des Hautes-Alpes

Cliquez ici pour prendre le quiz!

Statistiques générales

  • Ce quiz a été pris 4 fois
  • Le résultat moyen est 14 sur 30

Statistiques - réponses

QuestionRéponse% Correct
En 1884, le train arrive à{Briançon}
100%
A partir du début du XIXe siècle de nombreuses expéditions d'alpinisme se montent dans le département, notamment dans le massif des{Ecrins}
100%
Au XVIIe, beaucoup de Dauphinois quitte la région après la révocation de l'{Edit} {de} {Nantes}
100%
En 1926, un des quatre arrondissements est supprimé, celui d'{Embrun}
100%
Le mont Pelvoux a été gravi en 1828, c'est alors le plus haut sommet de{France}
100%
Le département est occupé de novembre 1943 à septembre 1943 par les{Italiens}
100%
Ce célèbre ingénieur militaire a travaillé dans la région{Vauban}
100%
Le département est créé en1790
75%
En juin 1940 le département est au coeur de la bataille des{Alpes}
75%
L'âge du (...) est une période de prospérité pour la région{bronze}
75%
Au Ve siècle est créé l'évêché de{Gap]
75%
Des mines existent dans le département des mines, citez un des produits exploitésPlomb | cuivre | argent | graphite | anthracite | houille
75%
Pour accueillir les pèlerins en route vers Rome qui traversent le territoire se créent des{abbayes}
50%
On skie dès 1900 à{Montgenèvre}
50%
La voie ci-dessus passe les Alpes au col de{Montgenèvre}
50%
En 1960, s'y construit le plus grand barrage de terre d'Europe à{Serre-Ponçon}
50%
Les stations de sport d'hiver se développent surtout à partir des années{70}
25%
Le chef-lieu du département est d'abord fixé à{Chorges}
25%
Au Ve siècle après J.C. plusieurs peuples l'envahisse, citez-en unLombards | Wisigoths | Saxons
25%
Vers 1000, l'actuel département appartient aux comte d'{Albon}
0%
Citez un des peuples installés sur le site de l'actuel départementBrigiani | Caturiges
0%
C'est aussi l'époque d'apparition des langues{celtiques}
0%
Le premier téléphérique est construit à{Chantemerle}
0%
Puis le territoire est intégré au{Dauphiné} {du} {Viennois}
0%
Les Romains y construisent notamment la voie{domitienne}
0%
A partir du Xe siècle avant J.C., la région appartient à la culture de{Hallstaff}
0%
Pour accueillir les alpinistes, se construisent des{hôtels}
0%
A partir du Ve siècle avant J.C. se fait sentir l'influence de la culture de{La Tène}
0%
En 1453, le futur Louis XI crée le (...) dont dépend l'actuel département{parlement} {du} {Dauphiné}
0%
Le premier peuplement est attesté sur l'actuel site de{Vitrolles}
0%

Distribution des résultats

Percentile par nombre de réponses

% des personnes avec chaque résultat

Votre développement - résultats

Vous n’avez pas pris ce quiz